சுற்றாடல் சார்ந்த செயற்பாடுகள் 2300 வினாக்கள் விடைகளுடன் : தரம் - 4 - 5 /

Suttradal sarntha seyatpadukal : Tharm 4 - 5
Saved in:
Bibliographic Details
Format: Book
Language:English
Published: கண்டி : மாணவர் வௌியீட்டகம், 2024.
Tags: Add Tag
No Tags, Be the first to tag this record!

MARC

LEADER 00000nam a22000007a 4500
003 LK-CoNLD
005 20260107131236.0
008 260107b xxu||||| |||| 00| 0 eng d
017 |b LK-CoDNA 
020 |a 9789553990150 
040 |a LK-CoNLD  |b TAM  |c LK-CoNLD  |d LK-CoNLD 
082 |2 23  |a 372.357  |q LK-CoNLD 
245 |6 880-1  |a சுற்றாடல் சார்ந்த செயற்பாடுகள் 2300 வினாக்கள் விடைகளுடன் :  |b தரம் - 4 - 5 /  |c ஏ. எஸ். ஜௌபர் . 
260 |a கண்டி :  |b மாணவர் வௌியீட்டகம்,  |c 2024. 
300 |a ப. ii, 256 ; 
880 |6 245-1  |a Suttradal sarntha seyatpadukal : Tharm 4 - 5 
942 |c BOOK 
999 |c 296424  |d 296424 
945 |a 22  |b Logeshwary RAMASAMY  |c 22  |d Logeshwary RAMASAMY